<?xml version="1.0" encoding="UTF-8"?><?xml-stylesheet type="text/xsl" href="static/style.xsl"?><OAI-PMH xmlns="http://www.openarchives.org/OAI/2.0/" xmlns:xsi="http://www.w3.org/2001/XMLSchema-instance" xsi:schemaLocation="http://www.openarchives.org/OAI/2.0/ http://www.openarchives.org/OAI/2.0/OAI-PMH.xsd"><responseDate>2026-04-19T10:02:29Z</responseDate><request verb="GetRecord" identifier="oai:www.recercat.cat:2117/414134" metadataPrefix="marc">https://recercat.cat/oai/request</request><GetRecord><record><header><identifier>oai:recercat.cat:2117/414134</identifier><datestamp>2025-07-22T18:31:56Z</datestamp><setSpec>com_2072_1033</setSpec><setSpec>col_2072_452951</setSpec></header><metadata><record xmlns="http://www.loc.gov/MARC21/slim" xmlns:dcterms="http://purl.org/dc/terms/" xmlns:xsi="http://www.w3.org/2001/XMLSchema-instance" xmlns:doc="http://www.lyncode.com/xoai" xsi:schemaLocation="http://www.loc.gov/MARC21/slim http://www.loc.gov/standards/marcxml/schema/MARC21slim.xsd">
   <leader>00925njm 22002777a 4500</leader>
   <datafield ind2=" " ind1=" " tag="042">
      <subfield code="a">dc</subfield>
   </datafield>
   <datafield ind2=" " ind1=" " tag="720">
      <subfield code="a">Torrejón Parejo, Nerea</subfield>
      <subfield code="e">author</subfield>
   </datafield>
   <datafield ind2=" " ind1=" " tag="260">
      <subfield code="c">2024-07-09</subfield>
   </datafield>
   <datafield ind2=" " ind1=" " tag="520">
      <subfield code="a">El propósito de este proyecto de fin de grado es desarrollar una nueva identidad visual&#xd;
flexible para la marca Podimo, una plataforma de audio digital que ofrece una gran&#xd;
variedad de contenido en formato pódcast. Este proceso tiene como objetivo aportar a&#xd;
la marca una mayor capacidad adaptativa, permitiendo que su identidad visual se&#xd;
ajuste a diversas temáticas y géneros del contenido que ofrece.&#xd;
En la primera fase del proyecto, se ha llevado a cabo un estudio de varios conceptos&#xd;
principales. Entre estos destacan las marcas flexibles y el mercado de pódcast. Se busca&#xd;
entonces una nueva identidad visual que se adapte y cambie según diferentes&#xd;
contextos que ofrece la marca. Este enfoque es crucial para Podimo, dada la diversidad&#xd;
de su oferta de contenidos.&#xd;
Posteriormente, se ha analizado la marca, para garantizar que la nueva propuesta se&#xd;
ajusta a su identidad corporativa original. Este análisis incluye una revisión de las&#xd;
características destacables de la marca, su identidad visual actual, sus objetivos y su&#xd;
posicionamiento en el mercado. Con esta información, se han definido los elementos&#xd;
clave de la marca, estableciendo una base sólida para el desarrollo del nuevo diseño.&#xd;
Con los conceptos y elementos clave claramente definidos, se inició la fase de diseño.&#xd;
En esta etapa, se han creado ocho nuevos diseños flexibles basados en el símbolo&#xd;
original de la marca. Cada uno de estos, aunque conservan la forma original del&#xd;
símbolo, son capaces de adaptarse a los diferentes géneros o temáticas de los pódcast&#xd;
que la plataforma ofrece. Cada diseño mantiene la esencia de la marca, pero con la&#xd;
flexibilidad necesaria para representar de manera efectiva la diversidad de contenidos&#xd;
disponibles en Podimo.&#xd;
Finalmente, se ha elaborado un nuevo manual de identidad corporativa. Este manual&#xd;
se basa en los elementos de la marca original, pero incorpora los nuevos diseños y sus&#xd;
diversas aplicaciones.&#xd;
Con este proyecto se propone una actualización estética de la identidad visual de&#xd;
Podimo, además de ofrecer una solución innovadora que permite a la marca adaptarse&#xd;
de manera efectiva a las diferentes necesidades y contextos.</subfield>
   </datafield>
   <datafield tag="653" ind2=" " ind1=" ">
      <subfield code="a">Marketing</subfield>
   </datafield>
   <datafield tag="653" ind2=" " ind1=" ">
      <subfield code="a">Branding (Marketing)</subfield>
   </datafield>
   <datafield tag="653" ind2=" " ind1=" ">
      <subfield code="a">Branding</subfield>
   </datafield>
   <datafield tag="653" ind2=" " ind1=" ">
      <subfield code="a">Identidad visual</subfield>
   </datafield>
   <datafield tag="653" ind2=" " ind1=" ">
      <subfield code="a">Marca flexible</subfield>
   </datafield>
   <datafield tag="653" ind2=" " ind1=" ">
      <subfield code="a">Rediseño</subfield>
   </datafield>
   <datafield tag="653" ind2=" " ind1=" ">
      <subfield code="a">Pódcast</subfield>
   </datafield>
   <datafield tag="653" ind2=" " ind1=" ">
      <subfield code="a">Màrqueting</subfield>
   </datafield>
   <datafield tag="653" ind2=" " ind1=" ">
      <subfield code="a">Construcció de marca (Màrqueting)</subfield>
   </datafield>
   <datafield ind2="0" ind1="0" tag="245">
      <subfield code="a">Branding flexible</subfield>
   </datafield>
</record></metadata></record></GetRecord></OAI-PMH>